[Event "ISR-ch op"]
[Site "Acre"]
[Date "2024.01.27"]
[Round "7"]
[White "Vardi, Daniel"]
[Black "Krayz, Alexander"]
[Result "0-1"]
[WhiteElo "1791"]
[BlackElo "2327"]
[PlyCount "54"]
[EventDate "2024.01.21"]
[EventType "swiss"]
[EventRounds "9"]
[EventCountry "ISR"]
[SourceTitle "CB05_2024"]
[SourceDate "2024.01.31"]
[SourceVersion "1"]
[SourceVersionDate "2024.01.31"]
[SourceQuality "1"]

1. e4 e6 2. d4 d5 3. Nd2 Nf6 4. e5 Nfd7 5. c3 c5 6. Ngf3 Nc6 7. Bd3 Be7 8. 0-0 g5 9. Nb1 h5 10. Be3 b6 11. Qd2 Rg8 12. Na3 a6 13. Rad1 Bb7 14. g3 g4 15. Ne1 h4 16. Ng2 Ndxe5 17. dxe5 Nxe5 18. Be2 Qd7 19. Bf4 Nf3+ 20. Bxf3 gxf3 21. Ne3 b5 22. Rfe1 0-0-0 23. b4 f6 24. Nf1 e5 25. Rxe5 fxe5 26. Bxe5 Bg5 27. Ne3 Qe6 0-1

[Event "ISR-ch op"]
[Site "Acre"]
[Date "2024.01.22"]
[Round "2"]
[White "Slobodiansky, Steven"]
[Black "Vardi, Daniel"]
[Result "1-0"]
[WhiteElo "2273"]
[BlackElo "1791"]
[PlyCount "165"]
[EventDate "2024.01.21"]
[EventType "swiss"]
[EventRounds "9"]
[EventCountry "ISR"]
[SourceTitle "CB05_2024"]
[SourceDate "2024.01.31"]
[SourceVersion "1"]
[SourceVersionDate "2024.01.31"]
[SourceQuality "1"]

1. e4 c5 2. Nf3 e6 3. b3 b6 4. Bb2 Bb7 5. Nc3 Nf6 6. Qe2 Be7 7. 0-0-0 0-0 8. h4 d5 9. e5 Ne4 10. Nxe4 dxe4 11. Ng5 Bxg5 12. hxg5 Qxg5 13. Rh5 Qg6 14. Rh4 Nc6 15. Qxe4 Qxe4 16. Rxe4 Nb4 17. Rh4 Nxa2+ 18. Kb1 Nb4 19. d4 Rfd8 20. Ba3 Nc6 21. Bd3 h6 22. dxc5 Nxe5 23. cxb6 axb6 24. Bb2 Nxd3 25. cxd3 f5 26. Rb4 b5 27. f3 Rac8 28. Rxb5 Ba6 29. Ra5 Ra8 30. Rd2 Rdb8 31. Ra3 Rd8 32. b4 Rdb8 33. Rb3 Bb5 34. Be5 Rc8 35. Rc3 Rxc3 36. Bxc3 Rd8 37. Kc2 Ba4+ 38. Kb2 Bb5 39. d4 Kf7 40. Rd1 Rd6 41. Re1 Rd5 42. Ra1 Rd7 43. Kc2 Rc7 44. Kd2 g5 45. Ra8 Bf1 46. g3 Rb7 47. Rd8 Bc4 48. Rc8 Bd5 49. Ke3 Kg6 50. Rc5 Bb3 51. Bd2 Bd1 52. Rc6 Kf7 53. d5 exd5 54. Rxh6 d4+ 55. Kxd4 Rd7+ 56. Kc3 Bxf3 57. Bxg5 Be4 58. Bf4 Kg7 59. Kc4 Rd3 60. Rh2 Kf7 61. b5 Rd1 62. Rb2 Rb1 63. Ra2 Ke6 64. Kc5 Bd3 65. Ra6+ Ke7 66. Ra7+ Ke6 67. b6 Be4 68. Bg5 f4 69. Re7+ Kf5 70. Bxf4 Bg2 71. Re5+ Kf6 72. Re2 Bh1 73. Rh2 Be4 74. g4 Rg1 75. g5+ Kf5 76. Rf2 Rb1 77. Be3+ Kg6 78. Rf6+ Kg7 79. Bd4 Kg8 80. Re6 Rc1+ 81. Kd6 Bf3 82. Rg6+ Kh7 83. Rg7+ 1-0

[Event "EU-chT U12"]
[Site "Iasi"]
[Date "2023.07.28"]
[Round "5.3"]
[White "Varyemez, Ali"]
[Black "Vardi, Daniel"]
[Result "0-1"]
[WhiteElo "1668"]
[BlackElo "1834"]
[PlyCount "102"]
[EventDate "2023.07.24"]
[EventType "team-swiss"]
[EventRounds "7"]
[EventCountry "ROU"]
[SourceTitle "CBM 215 Extra"]
[Source "ChessBase"]
[SourceDate "2023.09.30"]
[SourceVersion "1"]
[SourceVersionDate "2023.09.30"]
[SourceQuality "1"]
[WhiteTeam "Turkey U12"]
[BlackTeam "Israel U12"]
[WhiteTeamCountry "TUR"]
[BlackTeamCountry "ISR"]

1. d4 d5 2. c4 e6 3. Nf3 c5 4. cxd5 exd5 5. Bg5 Be7 6. Bxe7 Nxe7 7. dxc5 0-0 8. e3 Nbc6 9. Nc3 Qa5 10. Bb5 a6 11. Bxc6 bxc6 12. 0-0 Qxc5 13. Qa4 Rb8 14. Rfc1 Rxb2 15. Nd1 Rb4 16. Qa3 Qb6 17. Ne5 Bf5 18. Nxc6 Nxc6 19. Rxc6 Qxc6 20. Qxb4 Rc8 21. h3 h6 22. f3 Qe6 23. g4 Qe5 24. Qb2 Qg3+ 25. Qg2 Qe1+ 26. Qf1 Qxf1+ 27. Kxf1 Bd3+ 28. Kf2 Rc2+ 29. Kg3 a5 30. a3 a4 31. Rb1 Ra2 32. Rb8+ Kh7 33. Nc3 Rxa3 34. Nxd5 Bc4 35. Ne7 Rxe3 36. Nf5 Rd3 37. Rb4 Bb3 38. Nd4 Bd1 39. Nb5 a3 40. Rb1 a2 41. Ra1 Bb3 42. Na3 Rd1 43. Nc2 Bxc2 44. Rxa2 Bb3 45. Ra3 Rd3 46. h4 Bc4 47. Ra1 Bd5 48. Rf1 Kg6 49. Kf4 Kf6 50. h5 Rxf3+ 51. Rxf3 Bxf3 0-1

[Event "ISR-chT U14"]
[Site "Afula"]
[Date "2022.08.23"]
[Round "7"]
[White "Vardi, Daniel"]
[Black "Dezent, Eyal"]
[Result "1-0"]
[WhiteElo "1485"]
[BlackElo "1869"]
[PlyCount "53"]
[EventDate "2022.08.21"]
[EventType "team-tourn"]
[EventRounds "9"]
[EventCountry "ISR"]
[SourceTitle "CBM 210 Extra"]
[Source "ChessBase"]
[SourceDate "2022.11.30"]
[SourceVersion "1"]
[SourceVersionDate "2022.11.30"]
[SourceQuality "1"]

1. e4 c6 2. d4 d5 3. exd5 cxd5 4. c4 Nf6 5. Nf3 e6 6. Nc3 Bb4 7. Bd3 dxc4 8. Bxc4 0-0 9. 0-0 b6 10. Be3 Bb7 11. Bd3 Nc6 12. Qc2 Rc8 13. a3 Be7 14. Rad1 g6 15. Rfe1 Na5 16. Ne5 Bd5 17. Qe2 Ba8 18. Bh6 Re8 19. Nxf7 Qd7 20. Ng5 Bd6 21. Bxg6 hxg6 22. Qd3 Bxh2+ 23. Kh1 Bxg2+ 24. Kxg2 Qb7+ 25. f3 Rf8 26. Qxg6+ Kh8 27. Bxf8 1-0

[Event "EU-ch Hybrid U10"]
[Site "Tornelo INT"]
[Date "2021.10.15"]
[Round "9"]
[White "Tsolov, Aleksandar"]
[Black "Vardi, Daniel"]
[Result "1-0"]
[WhiteElo "1441"]
[BlackElo "1226"]
[PlyCount "171"]
[EventDate "2021.10.15"]
[EventType "swiss"]
[EventRounds "9"]
[EventCountry "NET"]
[SourceTitle "EXT 2023"]
[Source "ChessBase"]
[SourceDate "2022.10.05"]
[SourceVersion "1"]
[SourceVersionDate "2022.10.05"]
[SourceQuality "1"]
[WhiteTeam "Bulgaria"]
[BlackTeam "Israel"]
[WhiteTeamCountry "BUL"]
[BlackTeamCountry "ISR"]

1. e4 e5 2. Nf3 Nc6 3. Bc4 Be7 4. d3 Nf6 5. Nc3 d6 6. Be3 Be6 7. Bb3 d5 8. exd5 Nxd5 9. Nxd5 Bxd5 10. Bxd5 Qxd5 11. 0-0 0-0 12. Qe2 f5 13. Rfe1 Bd6 14. a3 e4 15. dxe4 fxe4 16. Nd2 Qe5 17. g3 Rae8 18. Rab1 Ne7 19. Nc4 Qf6 20. Nxd6 cxd6 21. c3 Ng6 22. Bd4 Ne5 23. Bxe5 Rxe5 24. Qe3 d5 25. Rbd1 Rf5 26. Re2 h5 27. Qd4 Qg5 28. c4 Qg4 29. Rdd2 Rc8 30. cxd5 Rc1+ 31. Rd1 Rxd1+ 32. Qxd1 Qg5 33. Rxe4 Rxd5 34. Qe1 Rf5 35. Qe3 Qf6 36. Qd4 Qg5 37. Qe3 Qf6 38. Qd2 Qc6 39. Rd4 Rf8 40. Rd6 Qe8 41. Qd5+ Kh8 42. Qd2 Qe4 43. Rd5 Rf5 44. Rxf5 Qxf5 45. Qe2 g6 46. f4 Qb1+ 47. Kg2 Qc1 48. Qe8+ Kh7 49. Qe7+ Kh8 50. Qe2 Qc6+ 51. Kh3 Qd7+ 52. Kg2 Qd5+ 53. Kf2 Qd4+ 54. Ke1 Qg1+ 55. Kd2 Qd4+ 56. Kc1 Qg1+ 57. Kc2 Qc5+ 58. Kb1 Qc6 59. Qe5+ Kh7 60. f5 gxf5 61. Qxf5+ Qg6 62. Qxg6+ Kxg6 63. Kc2 Kg5 64. h3 Kf5 65. Kd3 a6 66. b4 b6 67. a4 a5 68. b5 Ke5 69. g4 h4 70. Ke3 Kd5 71. Kf4 Kc4 72. g5 Kb4 73. g6 Kxa4 74. g7 Kxb5 75. g8Q Kb4 76. Qg5 a4 77. Qxh4 a3 78. Qf6 b5 79. h4 Kb3 80. h5 b4 81. h6 Kc2 82. h7 b3 83. h8Q b2 84. Qc3+ Kb1 85. Qh1+ Ka2 86. Qc4# 1-0